MARC details
| 000 -CABECERA |
| campo de control de longitud fija |
01005nam a2200277 a 4500 |
| 001 - NÚMERO DE CONTROL |
| campo de control |
000014639 |
| 005 - FECHA Y HORA DE LA ÚLTIMA TRANSACCIÓN |
| campo de control |
20200929163858.0 |
| 008 - DATOS DE LONGITUD FIJA--INFORMACIÓN GENERAL |
| campo de control de longitud fija |
100116s1980 mx 000 0 spa d |
| 020 ## - NÚMERO INTERNACIONAL ESTÁNDAR DEL LIBRO |
| Número Internacional Estándar del Libro |
9682301726 |
| 040 ## - FUENTE DE LA CATALOGACIÓN |
| Centro catalogador/agencia de origen |
DO-SdBNP |
| Lengua de catalogación |
spa |
| Centro/agencia transcriptor |
BNPHU |
| 041 17 - CÓDIGO DE LENGUA |
| Código de lengua del texto/banda sonora o título independiente |
spa |
| Código de lengua original |
eng |
| Fuente del código |
Código de idioma MARC |
| 082 ## - NÚMERO DE LA CLASIFICACIÓN DECIMAL DEWEY |
| Número de clasificación |
923.1 |
| Número de documento/Ítem |
H678s, 1980 |
| 049 ## - FONDOS LOCALES (OCLC) |
| Fondos de biblioteca |
BNGR |
| 100 1# - ENTRADA PRINCIPAL--NOMBRE DE PERSONA |
| Nombre de persona |
Ho, Chi Minh, |
| Fechas asociadas al nombre |
1890-1969 |
| 9 (RLIN) |
33172 |
| 240 10 - TÍTULO UNIFORME |
| Título uniforme |
Ho chi minh on revolution, |
| Lenguaje de la obra |
Español |
| 245 10 - MENCIÓN DE TÍTULO |
| Título |
Sobre la revolución : |
| Resto del título |
escritos escogidos (1920-66) / |
| Mención de responsabilidad, etc. |
Ho Chi Minh ; compilación e introducción de Bernard B. Fall. |
| 250 ## - MENCIÓN DE EDICIÓN |
| Mención de edición |
5a ed. |
| 260 ## - PUBLICACIÓN, DISTRIBUCIÓN, ETC. |
| Lugar de publicación, distribución, etc. |
México : |
| Nombre del editor, distribuidor, etc. |
Siglo XXI, |
| Fecha de publicación, distribución, etc. |
1980. |
| 300 ## - DESCRIPCIÓN FÍSICA |
| Extensión |
308 p. ; |
| Dimensiones |
16 cm. |
| 490 1# - MENCIÓN DE SERIE |
| Mención de serie |
Mínima |
| Designación de volumen o secuencia |
58 |
| 534 ## - NOTA SOBRE LA VERSIÓN ORIGINAL |
| Frase introductoria |
Título original en inglés: |
| Mención de título del original |
Ho chi minh on revolution, |
| Publicación, distribución, etc. del original |
Nueva York : Frederick a. praeger, 1967. |
| 600 10 - PUNTO DE ACCESO ADICIONAL DE MATERIA--NOMBRE DE PERSONA |
| Nombre de persona |
HO, CHI MINH, |
| Fechas asociadas al nombre |
1890-1969 |
| 9 (RLIN) |
33173 |
| 650 #4 - PUNTO DE ACCESO ADICIONAL DE MATERIA--TÉRMINO DE MATERIA |
| Término de materia o nombre geográfico como elemento de entrada |
Vietnam |
| Subdivisión general |
Política y gobierno |
| Subdivisión cronológica |
1954-1969 |
| 9 (RLIN) |
33174 |
| 700 1# - PUNTO DE ACCESO ADICIONAL--NOMBRE DE PERSONA |
| Nombre de persona |
Fall, Bernard B., |
| Término indicativo de función/relación |
comp. |
| 9 (RLIN) |
33175 |
| 830 #0 - PUNTO DE ACCESO ADICIONAL DE SERIE-TÍTULO UNIFORME |
| Título uniforme |
Mínima ; |
| Designación de volumen o secuencia |
58 |
| 9 (RLIN) |
28232 |